000 00946nam a22002537a 4500
005 20240530110613.0
008 160903s2013 au g 000 0dara d
017 _a16221/2012
_bمصر . دار الكتب المصريه
020 _a9789777180450
040 _aEG-CaGPL
082 0 4 _221
_a189.1\
_bر م
100 1 _aرودافسكي ، تمار.
245 1 0 _aموسى بن ميمون /
_cتاليف تمار رودافسكي ؛ ترجمة جمال الرفاعى .
250 _aط.1
260 _aالقاهره :
_bالمركز القومي للترجمه ،
_c2013 .
300 _a296 ص ؛
_c24 سم .
490 0 _aالمشروع القومي للترجمه : عقول عظيمه
_v2095
600 0 4 _aموسي بن ميمون .
650 0 4 _aالاخلاق .
650 0 4 _aفلسفه اليهود .
700 0 _aجمال الرفاعي
_eمترجم .
942 _2ddc
_cBK
999 _c62894
_d62894